[Event "VIII Lorca Open-A 2019"]
[Site "Lorca"]
[Date "2019.12.30"]
[Round "9.4"]
[White "Narciso Dublan, Marc"]
[Black "Sosa, Tomas"]
[Result "1/2-1/2"]
[WhiteElo "2516"]
[BlackElo "2520"]
[Annotator "ChessBase"]
[PlyCount "30"]
[EventDate "2019.12.26"]
[EventType "swiss"]
[EventCountry "ESP"]
[SourceTitle "playchess.com"]
[Source "ChessBase"]
[SourceQuality "1"]
[TimeControl "5400+30"]

1. e4 {[%emt 1:30:30]} c5 {[%emt 1:30:30]} 2. Nc3 {[%emt 0:00:30]} g6 {[%emt 0:00:30]} 3. g3 {[%emt 0:00:30]} Bg7 {[%emt 0:00:30]} 4. Bg2 {[%emt 0:00:30]} Nc6 {[%emt 0:00:30]} 5. d3 {[%emt 0:00:30]} d6 {[%emt 0:00:30]} 6. Be3 {[%emt 0:00:30]} Rb8 {[%emt 0:00:30]} 7. Qd2 {[%emt 0:00:30]} e6 {[%emt 0:00:30]} 8. Nf3 {[%emt 0:00:30]} e5 {[%emt 0:00:30]} 9. O-O {[%emt 0:00:30]} Nge7 {[%emt 0:00:30]} 10. Bh6 {[%emt 0:00:30]} O-O {[%emt 0:00:30]} 11. Bxg7 {[%emt 0:00:30]} Kxg7 {[%emt 0:00:30]} 12. Nh4 {[%emt 0:00:30]} Be6 {[%emt 0:00:30]} 13. f4 {[%emt 0:00:30]} exf4 {[%emt 0:00:30]} 14. gxf4 {[%emt 0:00:30]} f5 {[%emt 0:00:30]} 15. Rae1 {[%emt 0:00:30]} Nd4 {[%emt 0:00:30]} 1/2-1/2

[Event "VIII Lorca Open-A 2019"]
[Site "Lorca"]
[Date "2019.12.30"]
[Round "9.5"]
[White "Low, Zhen Yu Cyrus"]
[Black "Klekowski, Maciej"]
[Result "0-1"]
[WhiteElo "2420"]
[BlackElo "2514"]
[Annotator "ChessBase"]
[PlyCount "58"]
[EventDate "2019.12.26"]
[EventType "swiss"]
[EventCountry "ESP"]
[SourceTitle "playchess.com"]
[Source "ChessBase"]
[SourceQuality "1"]
[TimeControl "5400+30"]

1. e4 {[%emt 0:00:00]} c5 {[%emt 0:00:00]} 2. Nf3 {[%emt 0:00:00]} Nc6 {[%emt 0:00:00]} 3. d4 {[%emt 0:00:00]} cxd4 {[%emt 0:00:00]} 4. Nxd4 {[%emt 0:00:00]} e6 {[%emt 0:00:04]} 5. Nc3 {[%emt 0:00:03]} a6 {[%emt 0:00:06]} 6. Nxc6 {[%emt 0:00:06]} bxc6 {[%emt 0:00:03]} 7. Bd3 {[%emt 0:00:07]} d5 {[%emt 0:00:09]} 8. O-O {[%emt 0:00:06]} Nf6 {[%emt 0:00:12]} 9. Qe2 {[%emt 0:00:06]} Be7 {[%emt 0:01:34]} 10. b3 {[%emt 0:01:02]} Qc7 {[%emt 0:02:51]} 11. Bb2 {[%emt 0:00:39]} O-O {[%emt 0:11:29]} 12. Na4 {[%emt 0:02:15]} c5 {[%emt 0:05:56]} 13. e5 {[%emt 0:08:57]} Nd7 {[%emt 0:02:41]} 14. c4 {[%emt 0:00:07]} d4 {[%emt 0:00:52]} 15. Rae1 {[%emt 0:01:39]} Bb7 {[%emt 0:09:29]} 16. f4 {[%emt 0:01:33]} g6 {[%emt 0:03:13]} 17. Bc1 {[%emt 0:05:07]} Bh4 {[%emt 0:07:01]} 18. Rd1 {[%emt 0:01:30]} Rae8 {[%emt 0:01:25]} 19. Nb2 {[%emt 0:02:34]} f5 {[%emt 0:04:31]} 20. exf6 {[%emt 0:01:59]} Nxf6 {[%emt 0:02:00]} 21. Qc2 {[%emt 0:06:23]} e5 {[%emt 0:01:25]} 22. fxe5 {[%emt 0:00:36]} Ng4 {[%emt 0:02:02]} 23. Qe2 {[%emt 0:11:56]} Bf2+ {[%emt 0:01:28]} 24. Kh1 {[%emt 0:00:08]} Bxg2+ {[%emt 0:02:03]} 25. Kxg2 {[%emt 0:00:18]} Ne3+ {[%emt 0:00:03]} 26. Bxe3 {[%emt 0:03:46]} Qb7+ {[%emt 0:00:08]} 27. Kh3 {[%emt 0:02:13]} Rf3+ {[%emt 0:00:04]} 28. Kg4 {[%emt 0:00:04]} h5+ {[%emt 0:00:05]} 29. Kg5 {[%emt 0:00:12]} Rxe5+ {[%emt 0:00:05]} 0-1

[Event "VIII Lorca Open-A 2019"]
[Site "Lorca"]
[Date "2019.12.30"]
[Round "9.6"]
[White "Mieles Palau, Daniel"]
[Black "Sivuk, Vitaly"]
[Result "1/2-1/2"]
[WhiteElo "2382"]
[BlackElo "2588"]
[Annotator "TA"]
[PlyCount "125"]
[EventDate "2019.12.26"]
[EventType "swiss"]
[EventCountry "ESP"]
[SourceTitle "playchess.com"]
[Source "ChessBase"]
[SourceQuality "1"]

{[%evp 14,124,62,23,28,-33,-35,-41,-38,-35,-45,-31,-38,-41,-16,-17,0,0,0,0,0,0,10,12,29,-6,0,-27,0,0,0,0,0,0,13,13,14,13,13,13,13,16,15,4,16,4,112,116,117,95,96,96,121,124,125,116,124,99,363,363,342,349,349,301,437,414,373,113,113,113,301,300,121,121,125,125,1447,1424,4652,4652,4652,4652,4645,4645,4645,4645,3200,1681,4645,4645,4645,4638,4638,4638,4638,4638,4638,0,0,0,0,0,0,0,0,0,0,0,0,0,0,0,0]} 1. c4 c5 2. Nf3 Nc6 3. Nc3 g6 4. e3 Bg7 5. d4 d6 6. Be2 cxd4 7. exd4 Bg4 8. Be3 Nh6 {A35: Symmetrical English: 2 Nc3 Nc6 3 Nf3} 9. h3 ({Better is} 9. d5 $11 Bxf3 10. Bxf3 (10. gxf3 Ne5 $11)) (9. d5 Bxf3 10. Bxf3 Ne5 11. Be2 Nf5 12. Bd2 h5 13. O-O Qb6 14. b3 a6 15. Rc1 Qd4 16. Qc2 {0-1 (63) Sumets,A (2577)-Onischuk,V (2614) Lvov 2016}) 9... Bxf3 $1 $15 10. Bxf3 Nf5 {[%cal Rc6d4] Black is slightly better.} 11. Bxc6+ bxc6 12. O-O O-O 13. Qd3 $146 ({Predecessor:} 13. Qd2 Rb8 14. b3 d5 15. cxd5 cxd5 16. Rac1 Qa5 {0-1 (55) Zak,A (2116)-Hopman,P (2390) Amsterdam 2015}) 13... Qb6 14. b3 c5 ({Don't blunder} 14... Nxd4 $2 15. Na4 $18) 15. dxc5 dxc5 16. Na4 Qc7 17. Rae1 Rad8 18. Qe4 Bd4 19. Bf4 Qc8 20. g4 Nh4 {Threatening ...f5.} (20... Ng7 $5 {[%cal Rf7f5]}) 21. Bg3 f5 22. Qe6+ $1 Qxe6 23. Rxe6 Nf3+ 24. Kg2 Nd2 25. Rd1 $36 {[%mdl 2048] White fights for an advantage.} Ne4 26. Rxe7 {Hoping for Be5.} Nxg3 27. fxg3 fxg4 28. hxg4 Rf2+ 29. Kh3 {And now Nxc5! would win.} Rd6 (29... Rb8 $11 {remains equal.}) 30. g5 $1 $16 ({But not} 30. Rxa7 $6 g5 $11) 30... Rf7 31. Rxf7 (31. Re4 {is interesting.} Rc6 32. Rd3 Rf2 33. Re7 Rf7 34. Re2) 31... Kxf7 {[%mdl 4096] Endgame KRB-KRN} 32. Nc3 Ra6 33. Nb5 Rxa2 34. Nxd4 cxd4 35. Rxd4 {KR-KR} Rb2 $2 {[%mdl 8192]} (35... Ke6 $16) 36. Rd7+ $18 Ke6 37. Rxh7 Rxb3 38. Rxa7 Rc3 (38... Rd3 {keeps fighting.} 39. Ra5 Re3) 39. Rc7 Rd3 40. Rc6+ $2 (40. Kh4 $18) 40... Kf5 $16 41. Rc5+ $1 Ke6 $2 (41... Ke4 $16 42. Kg4 Rd4) 42. Kg4 $1 $18 Rd4+ (42... Kd6 $18 43. Rc8 Rd4+ 44. Kf3 Rd3+ 45. Kg2 Ke5) 43. Kf3 $16 Kd6 44. Rc8 {aiming for Rd8+.} Ke6 $2 {[%mdl 8192] [#]} (44... Ke5 $16 45. Kf2 Rd3 46. Re8+ Kf5) 45. g4 $1 $18 Kf7 46. Rc7+ Kf8 47. c5 Rc4 48. c6 Ke8 49. Rc8+ Kf7 50. Ke3 Ke7 51. c7 Kd7 52. Rg8 Kxc7 53. Rxg6 Rxg4 54. Kf3 Ra4 {[#]} 55. Rf6 $2 (55. Re6 $1 $18 Kd7 56. Re3) 55... Kd7 $11 {The position is equal.} 56. Rf4 Rxf4+ 57. Kxf4 {White wants to mate with Ke5. KP-K} Ke6 58. Kg4 {Kh5 would kill now.} Kf7 59. Kh5 {White threatens Kh6 and mate.} Kg7 60. g6 Kg8 61. Kh6 {Threatening mate with g7.} Kh8 62. g7+ Kg8 63. Kg6 {Accuracy: White = 81%, Black = 38%.} 1/2-1/2

[Event "VIII Lorca Open-A 2019"]
[Site "Lorca"]
[Date "2019.12.30"]
[Round "9.7"]
[White "Lopez Martinez, Josep Manuel"]
[Black "Plaskett, H James"]
[Result "*"]
[WhiteElo "2561"]
[BlackElo "2419"]
[Annotator "ChessBase"]
[PlyCount "28"]
[EventDate "2019.12.26"]
[EventType "swiss"]
[EventCountry "ESP"]
[SourceTitle "playchess.com"]
[Source "ChessBase"]
[SourceQuality "1"]
[TimeControl "5400+30"]

1. d4 {[%emt 0:05:22]} d5 {[%emt 0:00:00]} 2. c4 {[%emt 0:00:32]} e6 {[%emt 0:00:00]} 3. Nf3 {[%emt 0:00:29]} Nf6 {[%emt 0:00:00]} 4. e3 {[%emt 0:00:04]} Be7 {[%emt 0:02:05]} 5. b3 {[%emt 0:00:17]} O-O {[%emt 0:00:03]} 6. Bd3 {[%emt 1:26:16]} b6 {[%emt 0:01:09]} 7. O-O {[%emt 0:00:08]} Bb7 {[%emt 0:00:02]} 8. Bb2 {[%emt 0:00:09]} Nbd7 {[%emt 0:00:09]} 9. Nc3 {[%emt 1:27:24]} c5 {[%emt 0:01:12]} 10. cxd5 {[%emt 0:00:13]} Nxd5 {[%emt 0:00:32]} 11. Nxd5 {[%emt 0:00:07]} Bxd5 {[%emt 0:00:16]} 12. Qe2 {[%emt 0:00:06]} cxd4 {[%emt 0:02:46]} 13. Nxd4 {[%emt 0:00:49]} Bf6 {[%emt 0:10:49]} 14. Bb5 {[%emt 0:12:41]} Nc5 {[%emt 0:09:22]} *

[Event "VIII Lorca Open-A 2019"]
[Site "Lorca"]
[Date "2019.12.30"]
[Round "9.7"]
[White "Maiorov, Nikita"]
[Black "Kiselev, Pavel"]
[Result "1-0"]
[WhiteElo "2523"]
[BlackElo "2303"]
[Annotator "RC"]
[PlyCount "73"]
[EventDate "2019.12.26"]
[EventType "swiss"]
[EventCountry "ESP"]
[SourceTitle "playchess.com"]
[Source "ChessBase"]
[SourceQuality "1"]
[TimeControl "5400+30"]

1. d4 {[%emt 0:05:22]} d5 {[%emt 0:00:00]} 2. c4 {[%emt 0:00:32]} e6 {[%emt 0:00:00]} 3. Nf3 {[%emt 0:00:29]} Nf6 {[%emt 0:00:00]} 4. e3 {[%emt 0:00:04]} Be7 {[%emt 0:02:05]} 5. b3 {[%emt 0:00:17]} O-O {[%emt 0:00:03]} 6. Bd3 {[%emt 0:00:05]} b6 {[%emt 0:01:09]} 7. O-O {[%emt 0:00:08]} Bb7 {[%emt 0:00:02]} 8. Bb2 {[%emt 0:00:09]} Nbd7 {[%emt 0:00:09]} 9. Nc3 {[%emt 0:00:04]} c5 {[%emt 0:01:12]} 10. cxd5 {[%emt 0:00:13]} Nxd5 {[%emt 0:00:32]} 11. Nxd5 {[%emt 0:00:07]} Bxd5 {[%emt 0:00:16]} 12. Qe2 {[%emt 0:00:06]} cxd4 {[%emt 0:02:46]} 13. Nxd4 {[%emt 0:00:49]} Bf6 {[%emt 0:10:49]} 14. Bb5 {[%emt 0:12:41]} Nc5 {[%emt 0:09:22]} 15. Rad1 {[%emt 0:16:04]} Qc7 {[%emt 0:09:00]} 16. b4 {[%emt 0:08:39]} a6 {[%emt 0:02:26]} 17. Bc4 {[%emt 0:04:46]} Bxc4 {[%emt 0:08:42]} 18. Qxc4 {[%emt 0:00:12]} Rfc8 {[%emt 0:00:36]} 19. bxc5 {[%emt 0:02:20]} bxc5 {[%emt 0:00:01]} 20. Nxe6 {[%emt 0:00:32]} fxe6 {[%emt 0:00:12]} 21. Bxf6 {[%emt 0:00:04]} gxf6 {[%emt 0:00:04]} 22. Qxe6+ {[%emt 0:00:22]} Qf7 {[%emt 0:00:02]} 23. Qg4+ {[%emt 0:01:51]} Qg6 {[%emt 0:00:02]} 24. Qc4+ {[%emt 0:00:10]} Qf7 {[%emt 0:00:02]} 25. Rd5 {[%emt 0:00:45]} Rab8 {[%emt 0:04:08]} 26. a3 {[%emt 0:03:17]} Rc6 {[%emt 0:00:22]} 27. Rfd1 {[%emt 0:01:55]} Qe6 {[%emt 0:00:06]} 28. h3 {[%emt 0:00:24]} Rd6 {[%emt 0:00:29]} 29. Qxc5 {[%emt 0:01:26]} Rxd5 {[%emt 0:00:08]} 30. Qxd5 {[%emt 0:00:06]} Qxd5 {[%emt 0:00:04]} 31. Rxd5 {[%emt 0:00:05]} Rb6 {[%emt 0:00:53]} 32. Kh2 {[%emt 0:00:13]} Kg7 {[%emt 0:00:02]} 33. Kg3 {[%emt 0:00:05]} Kg6 {[%emt 0:00:03]} 34. Ra5 {[%emt 0:00:09]} Rc6 {[%emt 0:00:03]} 35. f3 {[%emt 0:00:24]} Rb6 {[%emt 0:00:07]} 36. e4 {[%emt 0:00:07]} Rc6 {[%emt 0:00:11]} 37. Kg4 {[%emt 0:00:14]} 1-0

[Event "VIII Lorca Open-A 2019"]
[Site "Lorca"]
[Date "2019.12.30"]
[Round "9.8"]
[White "Lopez Martinez, Josep Manuel"]
[Black "Plaskett, H James"]
[Result "1-0"]
[WhiteElo "2561"]
[BlackElo "2419"]
[Annotator "TA"]
[PlyCount "59"]
[EventDate "2019.12.26"]
[EventType "swiss"]
[EventCountry "ESP"]
[SourceTitle "playchess.com"]
[Source "ChessBase"]
[SourceQuality "1"]

{[%evp 13,59,26,90,100,102,76,83,91,100,100,100,96,89,91,92,100,96,102,106,85,103,108,122,115,134,137,130,142,147,125,141,125,149,108,145,154,166,141,160,135,273,268,416,413,409,397,1563,332]} 1. d4 c5 2. d5 Nf6 3. c4 b5 4. cxb5 a6 5. e3 axb5 6. Bxb5 Qa5+ 7. Nc3 Ba6 (7... Bb7 $11) 8. Bxa6 $16 {A57: Benko/Volga Gambit} Nxa6 (8... Qxa6 9. a4 d6 10. Nge2 g6 11. Nb5 Qb7 12. O-O Bg7 13. Nec3 O-O 14. e4 Nbd7 15. Qe2 Rfc8 {1-0 (31) Bologan,V (2671)-Durarbayli,V (2510) Aix les Bains 2011}) 9. Nf3 g6 10. O-O {White is better.} d6 11. e4 {aiming for e5.} Nd7 12. Bf4 {Threatens to win with e5.} Bg7 13. Qd2 $146 ({Predecessor:} 13. Re1 Qb4 14. Qd2 O-O 15. e5 dxe5 16. Nxe5 Nxe5 17. Bxe5 {½-½ (30) Stojanovski,S (2231)-Christensen,E (2043) Copenhagen 2015}) 13... O-O {[#]} 14. Bh6 $1 Nc7 15. Bxg7 Kxg7 16. Rfe1 Nf6 17. h3 Rfd8 18. Qc2 e6 19. dxe6 Nxe6 20. Rad1 Rab8 21. Rd2 Qb4 22. Red1 Re8 23. a3 Qb7 24. Qd3 Qe7 25. Qc4 ({But not} 25. Qxd6 Qxd6 26. Rxd6 Rxb2 $16) 25... Rb6 26. Na4 Rb7 (26... Rc6 $16 27. Nc3 Rb6) 27. Rxd6 $18 Nd4 {[#]} (27... Reb8 {is a better defense.} 28. e5 Ne8) 28. Nxd4 $1 {[%mdl 512]} cxd4 29. Qxd4 Rb6 $2 (29... Qe5 30. f3 Qxd4+ 31. R1xd4 Ra8) 30. Nc3 $2 {Accuracy: White = 63%, Black = 23%.} (30. Nxb6 Qe5 31. Qxe5 Rxe5 {[#]} 32. Rxf6 $1 {[%mdl 512]}) 1-0

[Event "VIII Lorca Open-A 2019"]
[Site "Lorca"]
[Date "2019.12.30"]
[Round "9.8"]
[White "Maiorov, Nikita"]
[Black "Kiselev, Pavel"]
[Result "*"]
[WhiteElo "2523"]
[BlackElo "2303"]
[Annotator "ChessBase"]
[PlyCount "30"]
[EventDate "2019.12.26"]
[EventType "swiss"]
[EventCountry "ESP"]
[SourceTitle "playchess.com"]
[Source "ChessBase"]
[SourceQuality "1"]
[TimeControl "5400+30"]

1. d4 {[%emt 0:09:23]} c5 {[%emt 0:01:38]} 2. d5 {[%emt 0:00:32]} Nf6 {[%emt 0:00:02]} 3. c4 {[%emt 0:00:33]} b5 {[%emt 0:04:20]} 4. cxb5 {[%emt 0:00:37]} a6 {[%emt 0:00:01]} 5. e3 {[%emt 0:00:33]} axb5 {[%emt 0:03:34]} 6. Bxb5 {[%emt 0:00:25]} Qa5+ {[%emt 0:07:36]} 7. Nc3 {[%emt 0:01:16]} Ba6 {[%emt 0:00:01]} 8. Bxa6 {[%emt 0:01:29]} Nxa6 {[%emt 0:00:05]} 9. Nf3 {[%emt 0:04:21]} g6 {[%emt 0:01:10]} 10. O-O {[%emt 1:15:51]} d6 {[%emt 0:00:04]} 11. e4 {[%emt 1:15:52]} Nd7 {[%emt 0:00:07]} 12. Bf4 {[%emt 0:01:08]} Bg7 {[%emt 0:00:01]} 13. Qd2 {[%emt 0:00:49]} O-O {[%emt 0:01:18]} 14. Bh6 {[%emt 0:06:55]} Nc7 {[%emt 0:00:52]} 15. Bxg7 {[%emt 0:00:55]} Kxg7 {[%emt 0:00:01]} *

[Event "VIII Lorca Open-A 2019"]
[Site "Lorca"]
[Date "2019.12.30"]
[Round "9.9"]
[White "Holm, Kristian Stuvik"]
[Black "Merario Alarcon, Andres"]
[Result "1/2-1/2"]
[WhiteElo "2489"]
[BlackElo "2417"]
[Annotator "ChessBase"]
[PlyCount "38"]
[EventDate "2019.12.26"]
[EventType "swiss"]
[EventCountry "ESP"]
[SourceTitle "playchess.com"]
[Source "ChessBase"]
[SourceQuality "1"]
[TimeControl "5400+30"]

1. d4 {[%emt 0:00:00]} d5 {[%emt 0:00:00]} 2. c4 {[%emt 0:00:00]} e6 {[%emt 0:00:16]} 3. Nf3 {[%emt 0:00:00]} Nf6 {[%emt 0:00:18]} 4. Nc3 {[%emt 0:00:00]} c6 {[%emt 0:00:35]} 5. e3 {[%emt 0:03:08]} Nbd7 {[%emt 0:00:11]} 6. Qc2 {[%emt 0:00:06]} Bd6 {[%emt 0:00:07]} 7. Bd3 {[%emt 0:00:14]} O-O {[%emt 0:01:00]} 8. O-O {[%emt 0:00:06]} e5 {[%emt 0:02:48]} 9. cxd5 {[%emt 0:00:38]} cxd5 {[%emt 0:00:26]} 10. e4 {[%emt 0:01:06]} exd4 {[%emt 0:00:43]} 11. Nxd5 {[%emt 0:00:39]} Nxd5 12. exd5 {[%emt 0:00:06]} h6 {[%emt 0:03:47]} 13. Nxd4 {[%emt 0:01:06]} Qh4 {[%emt 0:00:22]} 14. Nf3 {[%emt 0:00:06]} Qh5 {[%emt 0:00:08]} 15. Bh7+ {[%emt 0:00:51]} Kh8 {[%emt 0:00:05]} 16. Qf5 {[%emt 0:00:27]} Qxf5 {[%emt 0:00:07]} 17. Bxf5 {[%emt 0:00:03]} Nf6 {[%emt 0:04:27]} 18. Bc2 {[%emt 0:00:14]} b6 {[%emt 0:03:25]} 19. Rd1 {[%emt 0:01:04]} Bb7 {[%emt 0:00:23]} 1/2-1/2

[Event "VIII Lorca Open-A 2019"]
[Site "Lorca"]
[Date "2019.12.30"]
[Round "9.10"]
[White "Villanueva, Mario"]
[Black "Pogorelov, Ruslan"]
[Result "0-1"]
[WhiteElo "2486"]
[BlackElo "2377"]
[Annotator "ChessBase"]
[PlyCount "63"]
[EventDate "2019.12.26"]
[EventType "swiss"]
[EventCountry "ESP"]
[SourceTitle "playchess.com"]
[Source "ChessBase"]
[SourceQuality "1"]
[TimeControl "5400+30"]

1. e4 {[%emt 0:03:38]} c5 {[%emt 0:00:00]} 2. Nf3 {[%emt 0:00:10]} e6 {[%emt 0:00:13]} 3. d4 {[%emt 0:00:59]} cxd4 {[%emt 0:00:06]} 4. Nxd4 {[%emt 0:00:04]} a6 {[%emt 0:00:05]} 5. Nc3 {[%emt 0:00:28]} Qc7 {[%emt 0:00:11]} 6. Bd3 {[%emt 0:00:07]} Nf6 {[%emt 0:00:40]} 7. f4 {[%emt 0:00:28]} d6 {[%emt 0:00:10]} 8. Be3 {[%emt 0:00:03]} Nbd7 {[%emt 0:00:27]} 9. g4 {[%emt 0:00:52]} Nc5 {[%emt 0:00:38]} 10. g5 {[%emt 0:03:10]} Nfd7 {[%emt 0:00:07]} 11. Rc1 {[%emt 0:02:44]} b5 {[%emt 0:05:25]} 12. b4 {[%emt 0:00:13]} Nxd3+ {[%emt 0:00:51]} 13. cxd3 {[%emt 0:00:06]} Qb7 {[%emt 0:02:35]} 14. f5 {[%emt 0:03:21]} Ne5 {[%emt 0:02:15]} 15. O-O {[%emt 0:05:07]} Be7 {[%emt 0:05:57]} 16. fxe6 {[%emt 0:07:33]} Bxe6 {[%emt 0:01:21]} 17. Nxe6 {[%emt 0:02:57]} fxe6 {[%emt 0:00:14]} 18. Qh5+ {[%emt 0:22:45]} g6 {[%emt 0:03:01]} 19. Qh3 {[%emt 0:02:29]} Qd7 {[%emt 0:01:50]} 20. Ne2 {[%emt 0:01:41]} Nf7 {[%emt 0:48:06]} 21. Nd4 {[%emt 0:08:39]} Nxg5 {[%emt 0:11:22]} 22. Qh6 {[%emt 0:05:01]} Nf7 {[%emt 0:04:09]} 23. Qg7 {[%emt 0:01:17]} Rf8 {[%emt 0:00:16]} 24. Qxh7 {[%emt 0:01:17]} e5 {[%emt 0:00:20]} 25. Nc6 {[%emt 0:07:38]} Rc8 {[%emt 0:03:20]} 26. Nxe7 {[%emt 0:08:25]} Rxc1 {[%emt 0:00:47]} 27. Bxc1 {[%emt 0:00:06]} Qg4+ {[%emt 0:01:15]} 28. Kh1 {[%emt 0:00:03]} Qe2 {[%emt 0:01:15]} 29. Qh3 {[%emt 0:03:01]} Kxe7 {[%emt 0:00:32]} 30. Kg1 {[%emt 0:00:27]} Rh8 {[%emt 0:06:57]} 31. Qg3 {[%emt 0:03:39]} Rh5 {[%emt 0:00:22]} 32. h4 {[%emt 0:00:23]} 0-1

[Event "VIII Lorca Open-A 2019"]
[Site "Lorca"]
[Date "2019.12.30"]
[Round "9.11"]
[White "Malovanyi, Yulian"]
[Black "Gascon Del Nogal, Jose Rafael"]
[Result "0-1"]
[WhiteElo "2360"]
[BlackElo "2475"]
[Annotator "ChessBase"]
[PlyCount "95"]
[EventDate "2019.12.26"]
[EventType "swiss"]
[EventCountry "ESP"]
[SourceTitle "playchess.com"]
[Source "ChessBase"]
[SourceQuality "1"]
[TimeControl "5400+30"]

1. e4 {[%emt 1:30:30]} Nc6 {[%emt 1:30:30]} 2. Nf3 {[%emt 0:00:30]} d6 {[%emt 0:00:30]} 3. d4 {[%emt 0:00:30]} Nf6 {[%emt 0:00:30]} 4. Nc3 {[%emt 0:00:30]} Bg4 {[%emt 0:00:30]} 5. Be3 {[%emt 0:00:30]} g6 {[%emt 0:00:30]} 6. Be2 {[%emt 0:00:30]} Bg7 {[%emt 0:00:30]} 7. d5 {[%emt 0:00:30]} Bxf3 {[%emt 0:00:30]} 8. gxf3 {[%emt 0:00:30]} Nb8 {[%emt 0:00:30]} 9. Qd2 {[%emt 0:00:30]} c6 {[%emt 0:00:30]} 10. O-O-O {[%emt 0:00:30]} Qa5 {[%emt 0:00:30]} 11. Kb1 {[%emt 0:00:30]} Nbd7 {[%emt 0:00:30]} 12. h4 {[%emt 0:00:30]} Rc8 {[%emt 0:00:30]} 13. Rhg1 {[%emt 0:00:30]} a6 {[%emt 0:00:30]} 14. Rg5 {[%emt 0:00:30]} h6 {[%emt 0:00:30]} 15. Rgg1 {[%emt 0:00:30]} cxd5 {[%emt 0:00:30]} 16. Nxd5 {[%emt 0:00:30]} Qxd2 {[%emt 0:00:30]} 17. Rxd2 {[%emt 0:00:30]} Nxd5 {[%emt 0:00:30]} 18. Rxd5 {[%emt 0:00:30]} h5 {[%emt 0:00:30]} 19. Rdd1 {[%emt 0:00:30]} Bf6 {[%emt 0:00:30]} 20. Rh1 {[%emt 0:00:30]} Nc5 {[%emt 0:00:30]} 21. c3 {[%emt 0:00:30]} O-O {[%emt 0:00:30]} 22. Rdg1 {[%emt 0:00:30]} Kh7 {[%emt 0:00:30]} 23. Bd1 {[%emt 0:00:30]} b5 {[%emt 0:00:30]} 24. Bc2 {[%emt 0:00:30]} Rfe8 {[%emt 0:00:30]} 25. f4 {[%emt 0:00:30]} e5 {[%emt 0:00:30]} 26. fxe5 {[%emt 0:00:30]} dxe5 {[%emt 0:00:30]} 27. Bxc5 {[%emt 0:00:30]} Rxc5 {[%emt 0:00:30]} 28. Bb3 {[%emt 0:00:30]} Rc7 {[%emt 0:00:30]} 29. Rd1 {[%emt 0:00:30]} Rd8 {[%emt 0:00:30]} 30. Rxd8 {[%emt 0:00:30]} Bxd8 {[%emt 0:00:30]} 31. Bd5 {[%emt 0:00:30]} Kg7 {[%emt 0:00:30]} 32. Kc2 {[%emt 0:00:30]} Rd7 {[%emt 0:00:30]} 33. Kd3 {[%emt 0:00:30]} Rd6 {[%emt 0:00:30]} 34. Ke2 {[%emt 0:00:30]} Rb6 {[%emt 0:00:30]} 35. Kf3 {[%emt 0:00:30]} b4 {[%emt 0:00:30]} 36. cxb4 {[%emt 0:00:30]} Rxb4 {[%emt 0:00:30]} 37. b3 {[%emt 0:00:30]} Rd4 {[%emt 0:00:30]} 38. Ke2 {[%emt 0:00:30]} Ba5 {[%emt 0:00:30]} 39. Rd1 {[%emt 0:00:30]} Rxd1 {[%emt 0:00:30]} 40. Kxd1 {[%emt 0:00:30]} Bd8 {[%emt 0:00:30]} 41. b4 {[%emt 0:00:30]} Bxh4 {[%emt 0:00:30]} 42. Ke2 {[%emt 0:00:30]} Bd8 {[%emt 0:00:30]} 43. Bb7 {[%emt 0:00:30]} a5 {[%emt 0:00:30]} 44. bxa5 {[%emt 0:00:30]} Bxa5 {[%emt 0:00:30]} 45. Bc8 {[%emt 0:00:30]} Kf6 {[%emt 0:00:30]} 46. Kf3 {[%emt 0:00:30]} Kg5 {[%emt 0:00:30]} 47. Kg3 {[%emt 0:00:30]} Be1 {[%emt 0:00:30]} 48. a4 {[%emt 0:00:30]} 0-1

[Event "VIII Lorca Open-A 2019"]
[Site "Lorca"]
[Date "2019.12.30"]
[Round "9.12"]
[White "Bobadilla Viera, Jorge Samuel"]
[Black "Peng, Li Min"]
[Result "0-1"]
[WhiteElo "2339"]
[BlackElo "2451"]
[Annotator "ChessBase"]
[PlyCount "60"]
[EventDate "2019.12.26"]
[EventType "swiss"]
[EventCountry "ESP"]
[SourceTitle "playchess.com"]
[Source "ChessBase"]
[SourceQuality "1"]
[TimeControl "5400+30"]

1. e4 {[%emt 0:03:03]} e6 {[%emt 0:04:58]} 2. d4 {[%emt 0:00:10]} d5 {[%emt 1:26:02]} 3. Nd2 {[%emt 0:00:12]} c5 {[%emt 0:00:00]} 4. Ngf3 {[%emt 0:00:18]} Nc6 {[%emt 0:00:00]} 5. exd5 {[%emt 0:03:23]} exd5 {[%emt 0:00:00]} 6. Be2 {[%emt 0:00:13]} Nf6 {[%emt 0:00:00]} 7. O-O {[%emt 0:00:29]} cxd4 {[%emt 0:00:00]} 8. Nb3 {[%emt 0:00:33]} Bd6 {[%emt 0:00:00]} 9. Bg5 {[%emt 0:01:43]} h6 {[%emt 0:00:00]} 10. Bh4 {[%emt 0:00:18]} O-O {[%emt 0:00:00]} 11. Nbxd4 {[%emt 0:00:23]} g5 {[%emt 0:00:00]} 12. Bg3 {[%emt 0:00:44]} Bc5 {[%emt 0:00:00]} 13. Nxc6 {[%emt 0:08:01]} bxc6 {[%emt 0:00:00]} 14. c4 {[%emt 0:06:17]} Ne4 {[%emt 0:00:00]} 15. cxd5 {[%emt 0:06:32]} cxd5 {[%emt 0:00:00]} 16. Be5 {[%emt 0:05:02]} g4 {[%emt 0:00:00]} 17. Nd2 {[%emt 0:01:35]} Nxf2 {[%emt 0:00:00]} 18. Rxf2 {[%emt 0:02:33]} Bxf2+ {[%emt 0:00:00]} 19. Kxf2 {[%emt 0:02:45]} Qb6+ {[%emt 0:00:00]} 20. Kf1 {[%emt 0:00:56]} Re8 {[%emt 0:00:00]} 21. Bc3 {[%emt 0:18:48]} Rxe2 {[%emt 0:00:00]} 22. Kxe2 {[%emt 0:00:09]} Ba6+ {[%emt 0:00:00]} 23. Nc4 {[%emt 0:00:15]} Bxc4+ {[%emt 0:00:00]} 24. Kd2 {[%emt 0:00:08]} h5 {[%emt 0:00:00]} 25. Kc2 {[%emt 0:04:52]} Re8 {[%emt 0:00:00]} 26. Qd4 {[%emt 0:00:51]} Re2+ {[%emt 0:00:00]} 27. Kd1 {[%emt 0:00:09]} Qxd4+ {[%emt 0:00:00]} 28. Bxd4 {[%emt 0:00:09]} Rxg2 {[%emt 0:00:00]} 29. b3 {[%emt 0:00:14]} Bd3 {[%emt 0:00:00]} 30. Be5 {[%emt 0:00:47]} f6 {[%emt 0:00:00]} 0-1